Tax breaks could boost urban regeneration (Record no. 70072)

MARC details
000 -LEADER
fixed length control field 01063cam a2200229 4500
001 - CONTROL NUMBER
control field WB3815-27
008 - FIXED-LENGTH DATA ELEMENTS--GENERAL INFORMATION
fixed length control field 020425n2002 000 0 eng u
035 ## - SYSTEM CONTROL NUMBER
System control number (Sirsi) u117672
245 ## - TITLE STATEMENT
Title Tax breaks could boost urban regeneration
260 ## - PUBLICATION, DISTRIBUTION, ETC.
Date of publication, distribution, etc. 2002
490 ## - SERIES STATEMENT
Series statement Economic and Social Research Council Press Release
Volume/sequential designation 15 April 2002 (4)
520 ## - SUMMARY, ETC.
Summary, etc. A report into international tax measures for urban renewal has recommended that local authorities should be given the power to provide funding for commercially unviable regeneration projects by using the extra property tax revenue the projects would generate once an area has improved. "Fiscal incentives for urban regeneration" is available from Karen Emerton at ESRC, t 01382 413 122. http://www.esrc.ac.uk/esrccontent/news/april02-1.asp
590 ## - LOCAL NOTE (RLIN)
Local note WB
650 ## - SUBJECT ADDED ENTRY--TOPICAL TERM
Topical term or geographic name entry element REGENERATION PROJECTS
650 ## - SUBJECT ADDED ENTRY--TOPICAL TERM
Topical term or geographic name entry element URBAN RENEWAL
650 ## - SUBJECT ADDED ENTRY--TOPICAL TERM
Topical term or geographic name entry element TAX BREAKS
650 ## - SUBJECT ADDED ENTRY--TOPICAL TERM
Topical term or geographic name entry element LOCAL AUTHORITIES
650 ## - SUBJECT ADDED ENTRY--TOPICAL TERM
Topical term or geographic name entry element LOCAL PROPERTY TAX
650 ## - SUBJECT ADDED ENTRY--TOPICAL TERM
Topical term or geographic name entry element ECONOMIC AND SOCIAL RESEARCH COUNCIL
690 ## - LOCAL SUBJECT ADDED ENTRY--TOPICAL TERM (OCLC, RLIN)
Topical term or geographic name as entry element TAXATION
942 ## - ADDED ENTRY ELEMENTS (KOHA)
Suppress in OPAC 0
Holdings
Withdrawn status Lost status Source of classification or shelving scheme Damaged status Not for loan Home library Current library Shelving location Date acquired Total Checkouts Full call number Barcode Date last seen Copy number Price effective from Koha item type
    Dewey Decimal Classification     London London News article 25/04/2002   WB3815-27 117672-1001 06/08/2019 1 06/08/2019 News article